000 00301nam a2200121 a 4500
008 100719s2008|||| d
245 1 0 _aBohyňa v domácnosti
100 1 _aKinsellová, Sophie
260 _bNOXI
_aBratislava
_c2008
020 _c299
_a978_80_89179-77-0
041 _aslo
044 _axo
_cSK
999 _c8093
_d8093